ბათუმის შოთა რუსთაველის სახელმწიფო უნივერსიტეტის ბიბლიოთეკა

ბედი მგოსნისა:ნიკოლოზ ბარათაშვილი. პიესა (ბიბ.ჩანაწერი № 43113)

000 -LEADER
fixed length control field 00801nam a2200217Ia 4500
001 - CONTROL NUMBER
control field 9834
003 - CONTROL NUMBER IDENTIFIER
control field GE_BSU
008 - FIXED-LENGTH DATA ELEMENTS--GENERAL INFORMATION
fixed length control field 181216s||||||||xx |||||||||||||| ||und||
040 ## - CATALOGING SOURCE
Transcribing agency GE_BSU
080 ## - UNIVERSAL DECIMAL CLASSIFICATION NUMBER
Universal Decimal Classification number 821.353.1–2
100 ## - MAIN ENTRY--PERSONAL NAME
Personal name მრევლიშვილი,მიხეილ.
245 ## - TITLE STATEMENT
Title ბედი მგოსნისა:ნიკოლოზ ბარათაშვილი. პიესა
245 ## - TITLE STATEMENT
Statement of responsibility, etc. რედ.მ.ამაშუკელი.მხატვ.ო.ჯიშკარიანი
260 ## - PUBLICATION, DISTRIBUTION, ETC.
Place of publication, distribution, etc. თბილისი
260 ## - PUBLICATION, DISTRIBUTION, ETC.
Name of publisher, distributor, etc. ნაკადული
260 ## - PUBLICATION, DISTRIBUTION, ETC.
Date of publication, distribution, etc. 1968
300 ## - PHYSICAL DESCRIPTION
Extent 121გვ.16სმ.
653 ## - INDEX TERM--UNCONTROLLED
Uncontrolled term ბედი მგოსნისა:ნიკოლოზ ბარათაშვილი.
653 ## - INDEX TERM--UNCONTROLLED
Uncontrolled term პიესა
942 ## - ADDED ENTRY ELEMENTS (KOHA)
Koha item type წიგნი
ეგზემპლარები
Withdrawn status Lost status Damaged status Not for loan Date acquired Barcode Date last seen Price effective from Koha item type
        2018-12-17 32645 2018-12-17 2018-12-17 წიგნი